Štiavnické Bane - stavebné a technické pamiatky

Bibliographic Details
Main Author: Klaková, Oľga (Author)
Format: Article
Language:Slovak
PhysicalDescription:Fotogr., obr.
ISSN:1335-4353
Subjects:

MARC

LEADER 00000nab a2200000 a 4500
001 vtls000879734
003 SK-MaSNL
005 20260302170241.0
008 140429c2004 xo 0 slo
015 |a SNBRB2004/07-22103 
035 |a CLN000231274 
040 |a SNKBUCL  |b slo  |c SNKBUCL  |e AACR2 
041 0 |a slo 
044 |a xo  |c SK 
080 |a 904:62  |x (437.6)  |2 1997 
080 |a 719  |x (437.6)  |2 1997 
080 |a 72:904  |2 1997 
080 |a 904:72  |x (437.6)  |2 1997 
080 |a 904:622  |x (437.6)  |2 1997 
080 |a 62:904  |2 1997 
100 1 |a Klaková, Oľga  |4 aut  |9 798390 
245 1 0 |a Štiavnické Bane - stavebné a technické pamiatky  |c Oľga Klaková 
300 |b Fotogr., obr. 
504 |a Bibliogr. odkazy 
504 |a Res. angl., nem. 
650 0 7 |a architektonické pamiatky  |2 snkbucl  |9 28990 
650 0 7 |a montánne pamiatky  |2 snkbucl  |9 116027 
650 0 7 |a technické pamiatky  |2 snkbucl  |9 21763 
650 0 7 |a kultúrne pamiatky  |2 snkbucl  |9 2862 
651 7 |a Štiavnické Bane (Slovensko)  |2 snkbucl  |9 86873 
773 0 |t Pamiatky a múzeá  |g Č. 2 (2004), s. 49-52  |x 1335-4353 
850 |a Slovenská národná knižnica v Martine 
852 |a SNK  |b KIS3GCP 
958 |a NB 
999 |c 1392256  |d 1394186